00966nam a2200229Ia 4500003000900000008004100009020001800050040001600068080002300084111007800107245029100185260003700476300001600513490002700529650001500556650004100571650001700612650001600629700002700645700002600672710003800698IN-BaIIA211028s9999 xx 000 0 eng d a0-9823-2238-X cIIA Library a082.2:52bIAU-S156 aSymposium of the International Astronomical UnioncChinad1992 Sept.15-19 0aDevelopments in astrometry and their impact on astrophysics and geodynamicsbproceedings of the 156th symposium of the International Astronomical Union, held in Shanghai,China,September 15-19,1992cedited by Ivan I. Mueller and Barbara Kolaczek  aDordrechtbKluwer Academicc1993 axxxi, 440p. aIAU symposium; no. 156 aAstrometry aAstronomy and Astrophysics thesaurus aAstrophysics aGeodynamics aKolaczek, Barbara, ed. aMueller, Ivan I., ed. aInternational Astronomical Union